000 00459nam a2200181Ia 4500
001 11882
005 20260306162901.0
008 260306t2001||||xx |||||||||||||| ||spa||
041 _aESP
082 _aHR 200
_bNº 5 1998-2000 RAAA
110 _aArchivo Arzobispal de Arequipa
245 0 _aRevista Archivo Arzobispal de Arequipa
260 _c2001
300 _a226 páginas :
_c21 cm.
650 _aGEN
654 _aCHU
942 _cREV
_dJUS
_fJUS
_2ddc
_n
999 _c11882
_d11882